000 00787cam a22002771 4500
001 5842
003 BD-RjUL
005 20211208234135.0
008 140107s1955 enk 001 0 eng
035 _a(BD-RjUL)5881
035 _a(OCoLC)1157760
040 _aDLC
_cOAU
_dOCoLC
_dUk
_dDLC
_dBD-RjUL
_beng
041 _aeng
082 0 0 _a354.42
_bNEH 1955
100 1 _aNewsam, Frank,
_918344
245 1 4 _aThe Home Office /
_cFrank Newsam.
250 _aRev. 2d ed.
260 _aLondon;
_bAllen & Unwin;
_aNew York :
_bOxford University Press,
_c1955.
300 _a225 p. ;
_c22 cm.
504 _aIncludes index.
610 1 0 _aGreat Britain
_bHome Office.
_915983
942 _2ddc
_cBK
999 _c5842
_d5842